Deutsche Streamer an Bild erkennen - Statistiken

Allgemein
  • Dieses Quiz wurde 4.744 mal gespielt
  • Das Durchschnittsergebnis liegt bei 13 aus 15
Antwortstatistiken
Bildquiz Antwort % Korrekt
Knossi
99%
MontanaBlack
99%
Papaplatte
96%
Rewinside
94%
Reved
92%
Trymacs
92%
Ungespielt
92%
Tanzverbot
88%
Gronkh
81%
Amar
80%
Honeypuu
79%
Rohat
79%
Eligella
73%
Elotrix
67%
Mcky
59%
Keine übereinstimmenden Quizze gefunden
Verteilung der Resultate
Anzahl Personen mit jedem Resultat
Perzentil nach korrekt beantworteten Fragen
Ihre Resultats-Entwicklung
Sie haben dieses Quiz noch nicht gespielt